North Eleuthera Airport Destinations (North Eleuthera, Bahamas) - Statistics

General Stats
  • This quiz has been taken 16 times
    8 since last reset
  • The average score is 5 of 7
Answer Stats
Airline Destination % Correct
Delta Connection Atlanta
100%
American Eagle Charlotte
100%
American Eagle Miami
100%
Bahamasair/Pineapple Air/Southern Air Charter Nassau
100%
Bahamasair Fort Lauderdale
75%
Bahamasair/Pineapple Air Governor's Harbour
50%
Bahamasair Rock Sound
13%
No matching quizzes found
Score Distribution
Percent of People with Each Score
Percentile by Number Answered
Your Score History
You have not taken this quiz since the last reset